000 01249cam a22003377a 4500
003 CHAP
005 20220329141319.0
008 971013s1986 it r 00010 eng d
010 _a66250
011 _a67222
035 _a76692
040 _cCHAP
082 1 0 _a639.2
_bF46 v.363
110 2 _aFAO. Comisión de Pesca para Océano Indico
_939480
245 1 0 _aReport of the session of the Committee for the development and management of fisheries in the bay of Bengal and the meeting of the advisory Committee for the development of small scale fisheries of the bay of Bengal Programme (4o.)
260 _aRome :
_bFAO,
_c1986
300 _a27 p.
490 0 _aFAO. Informe de pesca
_v; 363
590 _aBATCH-UPD
_b10
_c20130110
_lUCH01
_h0637
590 _aBATCH-UPD
_b10
_c20130410
_lUCH01
_h0320
590 _aBATCH-UPD
_b10
_c20130914
_lUCH01
_h0059
590 _aCONVERSION
_b10
_c20130109
_lUCH01
_h1336
650 1 4 _aAgua de mar
_xContaminación.
_92417
650 1 4 _aPesca
_xGolfo de Bengala.
_987385
650 1 4 _aPesca
_xIndia.
_987388
830 0 _aFAO. Informe de pesca
_v; 363
_939587
901 _aBK
905 _aPatricia Mendoza P.
942 _cLIBRO
949 _a639.2 F46 v.363
_bBC
_cFAO
_d33724000769519
_eFAO1
_h97403
_i76692
_sb
999 _c66250
_d66250